MARC

LEADER 00000nam0a2200000 4500
001 339108
005 20231102005119.0
035 |a (RuTPU)RU\TPU\book\365616 
035 |a RU\TPU\book\148378 
090 |a 339108 
100 |a 20171211d1963 km y0rusy50 ca 
101 0 |a rus 
102 |a BY 
105 |a a z 001zy 
200 1 |a Шлифование металлов  |f П. И. Ящерицын, Е. А. Желнерович 
210 |a Минск  |c Беларусь  |d 1963 
215 |a 356 с.  |c ил. 
320 |a Библиогр.: с. 352-353. 
606 1 |a Шлифование металлов  |x Теоретические основы  |2 stltpush  |3 (RuTPU)RU\TPU\subj\19343  |9 44599 
610 1 |a металлы 
610 1 |a шлифовальная обработка 
610 1 |a абразивные инструменты 
610 1 |a шлифовальные станки 
610 1 |a круглошлифовальные станки 
610 1 |a бесцентровые станки 
610 1 |a шлифовальные круги 
610 1 |a правка 
610 1 |a балансировка 
610 1 |a вибрации 
610 1 |a автоматизация 
610 1 |a производительность 
675 |a 621.923.01  |v 3 
700 1 |a Ящерицын  |b П. И.  |g Петр Иванович 
701 1 |a Желнерович  |b Е. А.  |g Евгений Александрович 
801 1 |a RU  |b 63413507  |c 20080429  |g PSBO 
801 2 |a RU  |b 63413507  |c 20201029  |g PSBO 
942 |c BK